Detalles MARC
| 000 -CABECERA |
| campo de control de longitud fija |
01837nam a2200241 a 4500 |
| 001 - NÚMERO DE CONTROL |
| campo de control |
000045510 |
| 003 - IDENTIFICADOR DEL NÚMERO DE CONTROL |
| campo de control |
DO-SdBNP |
| 005 - FECHA Y HORA DE LA ÚLTIMA TRANSACCIÓN |
| campo de control |
20220607102112.0 |
| 007 - CAMPO FIJO DE DESCRIPCIÓN FÍSICA--INFORMACIÓN GENERAL |
| campo de control de longitud fija |
ta |
| 008 - DATOS DE LONGITUD FIJA--INFORMACIÓN GENERAL |
| campo de control de longitud fija |
090422s2006 dr c 000 0 spa d |
| 020 ## - NÚMERO INTERNACIONAL ESTÁNDAR DEL LIBRO |
| Número Internacional Estándar del Libro |
9993490040 |
| 040 ## - FUENTE DE LA CATALOGACIÓN |
| Centro catalogador/agencia de origen |
DO-SdBNP |
| Lengua de catalogación |
spa |
| Centro/agencia transcriptor |
BNPHU |
| 082 #4 - NÚMERO DE LA CLASIFICACIÓN DECIMAL DEWEY |
| Número de clasificación |
972.93054 |
| Número de documento/Ítem |
L579y, 2006 |
| Número de edición |
22 |
| 100 1# - ENTRADA PRINCIPAL--NOMBRE DE PERSONA |
| Nombre de persona |
León Estévez, Luis José, |
| Fechas asociadas al nombre |
1931- |
| 9 (RLIN) |
2414 |
| 245 10 - MENCIÓN DE TÍTULO |
| Título |
Yo, Ramfis Trujillo / |
| Mención de responsabilidad, etc. |
Luis José León Estévez. |
| 250 ## - MENCIÓN DE EDICIÓN |
| Mención de edición |
5a ed. |
| 260 ## - PUBLICACIÓN, DISTRIBUCIÓN, ETC. |
| Lugar de publicación, distribución, etc. |
Santo Domingo : |
| Nombre del editor, distribuidor, etc. |
Letra gráfica, |
| Fecha de publicación, distribución, etc. |
2006. |
| 300 ## - DESCRIPCIÓN FÍSICA |
| Extensión |
115 p. : |
| Otras características físicas |
il., retrs. ; |
| Dimensiones |
21 cm. |
| 505 0# - NOTA DE CONTENIDO CON FORMATO |
| Título |
Comentarios acerca de la obra Yo, Ramfis Trujillo -- |
| -- |
¡Gracias general! -- |
| -- |
Testimonio personal del autor -- |
| -- |
Yo, Ramfis Trujillo -- |
| -- |
¡Que bárbaro, ni siquiera aquí descansa! -- |
| -- |
No quise ser Vicepresidente -- |
| -- |
Cumplo mi sueño: hacer la mejor Fuerza Aérea -- |
| -- |
Hollywood: algunas artistas compartieron mi tiempo -- |
| -- |
Mi patria: entre el bisonte y el toro -- |
| -- |
El entorno oficial de mi padre: buenos y malos -- |
| -- |
El movimiento 14 de junio -- |
| -- |
El asesinato de mi padre -- |
| -- |
Tenía el poder, todo el poder -- |
| -- |
Todos clamaban venganza -- |
| -- |
Sí, fue un dictador -- |
| -- |
La corrupción, que ahoga la modernización y decencia del país -- |
| -- |
Lo que me llama es la tumba -- |
| -- |
Párese a pelear -- |
| -- |
Todo el mundo quería que siguiera la dictadura -- |
| -- |
Empecé a "destrujillizar" el país -- |
| -- |
la oposición no quería comprender -- |
| -- |
Solo mi presencia impedía un golpe de estado -- |
| -- |
Félix W. Bernardino asesinará al Dr. Balaguer -- |
| -- |
Mi enfrentamiento con Johnny Abbes García -- |
| -- |
Nunca pensé quedarme en el país -- |
| -- |
Soy el responsable de esas muertes. |
| 600 14 - PUNTO DE ACCESO ADICIONAL DE MATERIA--NOMBRE DE PERSONA |
| Nombre de persona |
Trujillo Martínez, Rafael Leónidas (Ramfis), |
| Fechas asociadas al nombre |
1929-1969 |
| Subdivisión general |
Correspondencia, memorias, etc. |
| 9 (RLIN) |
1246 |
| 651 #4 - PUNTO DE ACCESO ADICIONAL DE MATERIA--NOMBRE GEOGRÁFICO |
| Nombre geográfico |
República Dominicana |
| Subdivisión general |
Historia |
| -- |
Era De Trujillo, 1930-1961 |
| -- |
Fuentes |
| 9 (RLIN) |
2415 |
| 942 ## - ELEMENTOS DE PUNTO DE ACCESO ADICIONAL (KOHA) |
| Fuente del sistema de clasificación o colocación |
Dewey Decimal Classification |
| Tipo de ítem Koha |
Libro |